| 000 | 00520nam a2200181Ia 4500 | ||
|---|---|---|---|
| 001 | 3407 | ||
| 008 | 180120s1951 ii a g b000 u asm u | ||
| 082 | _a891.411 | ||
| 100 | _aBhuyan, Suryya Kumar . | ||
| 245 | 0 |
_aNirmali, kabitar sorai / _cSuryya Kumar Bhuyan. _hTextual Documents |
|
| 250 | _a2nd ed. / | ||
| 260 |
_aGauhati : _bPrajyotish Granthamala , _c1951. |
||
| 300 |
_a170p. : _bill ; _c16 cm. . |
||
| 653 | _aPoetry - Assamese language | ||
| 653 | _aAssamese poetry | ||
| 653 | _aG-Assamese | ||
| 942 |
_2ddc _cBK |
||
| 999 |
_c3395 _d3395 |
||